MDQL
is popping MORE tags! Check the
thread
!
Quizzes
Events
Quiz Creation
Community
Videos
Private Events
Remove Ads
Sign In
Join for FREE
Feedback
Dark Mode
Quiz Categories
Sports
Geography
Music
Movies
Television
Just For Fun
Miscellaneous
History
Literature
Language
Science
Gaming
Entertainment
Religion
Holiday
For Kids
Quiz Lab
Recent
Popular Today
Quiz Kudos Today
Editor Picks
Curator Picks
Quizzes by...
Day
Popularity
Type
Ratings
Length
Year
Community
Subscriptions
Recent Discussions
Orange Saloon
Badges
Playlists
Quests
Create
Leaderboards
Showdown
Live 5
Trivia Bingo
Activity
Puzzle Library
Sporcle Events
Private Events
Virtual Trivia
Globe League
Become a Host
Pub Owners
SporcleCon
Opinionation
Our Games
Videos
Blog
Mobile Apps
Partnerships
Remove Ads and Go Orange
Feedback
Gaming
Video Games
Board Games
Card Games
Pokémon
Mario
Nintendo
Minecraft
Console
Toys
Legend of Zelda
Gaming
Video Games
Board Games
Card Games
Pokémon
Mario
Nintendo
Minecraft
Console
Toys
Legend of Zelda
Random Quiz
Search Sporcle
×
Quiz Lab
Quiz Lab
Gaming
City
Type in answers that appear in a list
Type in answers that appear in a list
Classic
Best Score? Go Orange.
Districts of Liberty City in GTA III Stats
Can you name the Districts of Liberty City in GTA III?
By
Perkinator
10m
25 Questions
413 Plays
413 Plays
413 Plays
Comments
Comments
Give Quiz Kudos
Give Quiz Kudos
-
- Ratings
hide this ad
Replay
Link that replays current quiz
Next Quiz
Link to next quiz in quiz playlist
You Got
0%
They Got
Avg Score
61%
Avg Friend Score
Upgrade to see
Score Distribution
Jump to the score distribution portion of the page
Score
0/25
Timer
10:00
0
Plays Today
Island
District
% Correct
Portland
Red Light District
86.9%
Portland
Chinatown
86.7%
Portland
Saint Mark's
79.4%
Portland
Hepburn Heights
70.2%
Shoreside Vale
Francis Intl. Airport
68%
Portland
Harwood
65.1%
Portland
Trenton
65.1%
Shoreside Vale
Wichita Gardens
62.7%
Portland
Atlantic Quays
61%
Portland
Callahan Point
60.5%
Staunton Island
Belleville Park
60.5%
Portland
Callahan Bridge
59.3%
Portland
Portland Harbor
58.4%
Island
District
% Correct
Staunton Island
Aspatria
58.4%
Staunton Island
Fort Staunton
57.6%
Staunton Island
Torrington
56.7%
Shoreside Vale
Pike Creek
55.7%
Staunton Island
Newport
55.4%
Portland
Portland View
55.2%
Staunton Island
Bedford Point
54.7%
Shoreside Vale
Cochrane Dam
54.7%
Shoreside Vale
Cedar Grove
53.3%
Staunton Island
Liberty Campus
50.1%
Portland
Portland Beach
47.7%
Staunton Island
Rockford
46%
Quiz Playlist
Details
Report
Send in Message
Add To Playlist
Classic:
Type in answers that appear in a list
Last Updated: Feb 16, 2017
Quiz Scoreboard
CHALLENGE
Sign Up to Join the Scoreboard
Show All
Scores
Hide
Comments
May contain spoilers
Recently Published
Two Season TV Shows II
by 123Four
Television
10m
Image Sorting: Flags VI
by Barbecue
Geography
2m
Find the 'City' Movie
by crazypaving
Movies
60s
More to Explore
Quiz From the Vault
Featured Blog Post
14 Easter Pick-up Lines to Find Eggs With
hide this ad
You Might Also Like...
Tags
City Quiz
district
Grand Theft Auto
island
Liberty
Liberty City
Today's Top Quizzes in Gaming
Browse Gaming
hide this ad
Today's Top Quizzes in City
Browse City
Top Contributed Quizzes in Gaming
1
League of Legends Pro Players by Career/Team History
2
Destiny 2 exotic weapons by perk icons
3
Genshin Impact Logic Puzzle
4
Genshin murder mystery
5
Dead By Daylight Logic Puzzle
6
4x4 Decades: Video Games
7
Ultimate Genshin Impact Logic Puzzle (up to 4.3)
8
Overwatch Logic Puzzle
9
Who's on the WWE 2K24 Cover?
10
Overwatch 2: Ultimate Ability Icons
Explore More
Trending Topics
Disney
Kpop
NBA
Marvel
Anime
Crossword
Harry Potter
Song
NFL
WWE
Pokémon
Country
The Office
Soccer
Puzzle
hide this ad
More By:
Perkinator
Quiz
Plays
Rating
Category
Featured
Created
50 Most Populous Towns & Cities in England
2,634
4.13
Geography
Oct 17, 2009
Largest Ever Empires
1,795
2.79
History
Oct 21, 2009
Most common street names in the UK
956
3.00
Geography
Oct 17, 2009
Radio stations of Grand Theft Auto
613
4.86
Gaming
Oct 18, 2009
Fastest Roller Coasters in the UK
547
3.67
Miscellaneous
Oct 17, 2009
Go to Creator's Profile
Score Distribution
Quiz Creator Spotlight
Perkinator
Follow
Send a Message
Quizzes Created
-
Created Quiz Play Count
-
More By This Creator
Popular Quizzes Today
1
Find the US States - No Outlines Minefield
2
Colored Red Africa Blitz
3
Find the 'City' Movie
4
5x2 Blitz: Bands
5
The Countries of the World
6
Find the Countries of Europe - No Outlines Minefield
7
Find the US States
8
US States
More Gaming Quizzes
Chess Trivia of Increasing Difficulty
Editor's Pick
Trending Quizzes
Colored Red Europe Blitz I
Colored Red Africa Blitz II
Colored Red Europe Blitz II
Colored Red Africa Blitz III
Colored Red Europe Blitz III
Recently Updated
How Do You Spell That?
pecheneg
Godzilla Movies
pecheneg
Grab Bag: 4-10 Letters
pecheneg
2024 March Madness Bracket
pecheneg
Famous TV Couples
Peacemaker
Champions League XIs: Real Madrid
pecheneg
Largest US Cities 1790-2010
pecheneg
Rides in Walt Disney World
pecheneg
Most Oscar Losses (Acting)
pecheneg
Beyoncé Albums
pecheneg
Trending Topics
Marvel
NBA
Kpop
Anime
Disney
Crossword
Harry Potter
NFL
WWE
The Office
Pokémon
Puzzle
Soccer
Country
Song
Your Account Isn't Verified!
In order to create a playlist on Sporcle, you need to verify the email address you used during registration. Go to your
Sporcle Settings
to finish the process.
Report this User
Report this user for behavior that violates our
Community Guidelines
.
Details:
Send Report
Go to the Sporcle.com Mobile Site →
Comments